| 000 | 00671nam a2200217 a 4500 | ||
|---|---|---|---|
| 003 | SISC | ||
| 005 | 20170227143930.0 | ||
| 008 | 060810s19uu xx 00 eng d | ||
| 020 | _a9780871208606 (pbk) | ||
| 050 |
_aLB 2806.15 B77 2004 _b14472 |
||
| 100 | _aBrown, John L. | ||
| 245 |
_aMaking the most of understanding by design / _cJohn L. Brown. |
||
| 260 |
_aAlexandria, Va : _bASCD, _c2004. |
||
| 300 | _a205 p. | ||
| 500 | _aIncludes bibliographical references and index. | ||
| 650 | _aCurriculum planning -- United States. | ||
| 650 | _aCurriculum-based assessment -- United States. | ||
| 650 | _aLearning. | ||
| 650 | _aComprehension. | ||
| 942 |
_cBK _2lcc |
||
| 999 |
_c12782 _d12782 |
||